[Event "HCL-C3995"]
[Site "www.playchess.de"]
[Date "2006.02.20"]
[Round "9"]
[White "Idris"]
[Black "Thrustnicely"]
[WhiteElo "895"]
[BlackElo "1053"]
[PlyCount "124"]
[Result "0-1"]

1.e4 {Greetings again!}  a6 2.d4 b5 3.b4 a5 4.c3 
a4 5.a3 d5 6.e5 c6 7.Bd3 e6 8.Ne2 f5 9.f4 Qh4+ 
10.g3 Qh3 11.Ng1 Qg2 12.Qf3 Qxf3 13.Nxf3 h6 
14.Nbd2 Be7 15.Bb2 g5 16.fxg5 hxg5 17.O-O-O Rh3 
18.Ng1 Rh5 19.Ngf3 g4 20.Ng1 Bg5 21.Kb1 Ra7 22.h4 
gxh3 23.Nxh3 Bxd2 24.Rxd2 Rah7 25.Rdh2 Nd7 26.Be2 
R5h6 27.Bc1 Rg6 28.Nf4 Rxh2 29.Rxh2 Rxg3 30.Nxe6 
Nxe5 31.Nc7+ Kd7 32.Rh7+ Ne7 33.Bf4 Rg1+ {Nice 
move - you welsh devil !!}  34.Bc1 {Thats a pretty 
cool move too, dude.}  Nc4 {Thanks !}  35.Bxc4 
dxc4 36.Kb2 Kd8 37.Na8 Nd5 38.Rh8+ Kd7 39.Rh7+ Kd6 
40.Rh8 Bb7 41.Rh6+ Kd7 42.Rh7+ Ne7 43.Nb6+ Ke6 
44.Be3 Rg2+ 45.Kc1 Re2 46.Bf4 Rf2 47.Bg5 Nd5 
48.Rxb7 Nxc3 49.Re7+ Kd6 50.Nc8+ Kd5 51.Rd7+ Ke4 
52.Bd2 Ne2+ 53.Kd1 Kd3 54.Ke1 Rh2 55.Nd6 Rh1+ {Ah 
ha  !! the worms turning  - watch your back old 
friend}  56.Kf2 {Nice move dude.}  Kxd2 {i need my 
points back - you devil}  57.Nxf5 {Should be an 
entertaining end, you have a good advantage too.}  
c3 58.Kg2 c2 59.Ng3 {Nice move}  Rg1+ {i need the 
points - Badly !!}  60.Kf3 {Like I dont need them! 
lol}  Nxg3 {Yes , but you did give me a nasty slap 
in our last match ( two queens) - and it may have 
escaped your notice , but we're 50/50 on matchs 
won ( but not for long!!).}  61.Rg7 {50/50 eh? 
Methinks I became too confident mid-game,in this 
match, and lost the plot. Good game though.}  c1Q 
{it's fair to say i thought i was in trouble in 
both}  62.Rxg3 {True. Good come back in this 
game.}  Qd1+ 0-1

[Event "HCL-A2516"]
[Site "www.playchess.de"]
[Date "2006.02.20"]
[Round "28"]
[White "froilo"]
[Black "schachsky"]
[WhiteElo "1383"]
[BlackElo "1141"]
[PlyCount "79"]
[Result "1-0"]

1.Nf3 d5 {Hi again, have a nice game!}  2.b3 
{thanks, same wish}  Nf6 3.Bb2 Nc6 4.d3 e6 5.Nbd2 
Bd7 6.e4 h6 7.Be2 Bd6 8.e5 Nxe5 9.Nxe5 c5 10.Nxd7 
Qxd7 11.Bxf6 gxf6 12.Bh5 O-O-O 13.Qf3 f5 14.O-O-O 
Rh7 {Best wishes for 2006!}  15.g4 {Thanks, same 
wish}  f4 16.h4 d4 17.Ne4 Qe7 18.Nxd6+ Qxd6 19.Qe4 
Rg7 20.Rhg1 f6 21.g5 fxg5 22.hxg5 hxg5 23.Bg4 Re8 
24.Rde1 Rge7 25.Rgh1 Qa6 26.Kb2 Kd8 27.Rh6 Kd7 
28.Qd5+ Qd6 29.Qxb7+ Kd8 30.Qa8+ Kc7 31.Qxa7+ Kd8 
32.Qa5+ Kd7 33.Qb5+ Kd8 34.Qc4 Kd7 35.Rg6 f3 
36.Rxg5 Qf4 37.Rd5+ Kc6 38.Rxc5+ Kd6 39.Rc6+ Kd7 
40.Qd5+ 1-0

[Event "HCL-T261"]
[Site "www.playchess.de"]
[Date "2006.02.20"]
[Round "10"]
[White "reddog"]
[Black "gridguy"]
[WhiteElo "1775"]
[BlackElo "1743"]
[PlyCount "73"]
[Result "1-0"]

1.e4 c5 2.Nf3 d6 3.d4 cxd4 4.Nxd4 Nf6 5.Nc3 g6 
6.Bc4 Bg7 7.O-O O-O 8.Bb3 Nbd7 9.Be3 Nc5 10.f3 a6 
11.Qd2 b5 12.Rfd1 Bb7 13.Bh6 Nxb3 14.axb3 Qb6 
15.Bxg7 Kxg7 16.Kh1 Rfd8 17.Qg5 e6 18.b4 h6 19.Qg3 
Rac8 20.Nb3 Nh5 21.Qh4 f6 22.Qg4 f5 23.exf5 exf5 
24.Qh4 Nf6 25.Nd4 Rde8 26.Rde1 Re5 27.Ne6+ Kf7 
28.Rxe5 dxe5 29.Nc5 Kg7 30.Qf2 Nd5 31.Nxd5 Bxd5 
32.Rxa6 Qb8 33.Qh4 Rc7 34.Qf6+ Kg8 35.Qxg6+ Rg7 
36.Qxf5 Qe8 37.Rxh6 1-0

[Event "HCL-C4047"]
[Site "www.playchess.de"]
[Date "2006.02.20"]
[Round "20"]
[White "tusnelda"]
[Black "Milosforman"]
[WhiteElo "1187"]
[BlackElo "861"]
[PlyCount "99"]
[Result "1-0"]

1.e4 e5 2.Nf3 d6 3.d4 exd4 4.Nxd4 c5 5.Nf3 Be7 
6.Bf4 Bg4 7.Be2 Bxf3 8.Bxf3 Nd7 9.Nc3 Ngf6 10.O-O 
O-O 11.Re1 a6 12.a3 Ne5 13.Be2 Ng6 14.Bg3 b5 
15.Bf3 c4 16.e5 dxe5 17.Bxa8 Qxa8 18.Bxe5 Nxe5 
19.h3 Ng6 20.Qd2 Nh4 21.f3 Bc5+ 22.Kh1 Rd8 23.Qe2 
Nh5 24.Qe5 Bf2 25.Qxh5 Rd6 26.Re7 Rg6 27.Ne4 Nxg2 
28.Nxf2 Nf4 29.Rae1 Qf8 30.R7e8 Nxh5 31.Ng4 h6 
32.Rxf8+ Kxf8 33.Ne5 Re6 34.Kg2 Nf4+ 35.Kg3 Ng6 
36.Nd7+ Ke7 37.Rxe6+ Kxe6 38.Nc5+ Kd5 39.Nxa6 f5 
40.Nc7+ Kc6 41.Ne6 f4+ 42.Kg4 Kd6 43.Nxg7 Ke5 
44.c3 Kf6 45.Ne8+ Ke7 46.Nc7 Kf6 47.Nxb5 Ke5 48.a4 
Ne7 49.a5 Nc6 50.a6 1-0

[Event "HCL-B3866"]
[Site "www.playchess.de"]
[Date "2006.02.20"]
[Round "9"]
[White "CYTO"]
[Black "morten"]
[WhiteElo "1197"]
[BlackElo "1303"]
[PlyCount "76"]
[Result "1/2-1/2"]

1.e4 {Hello from Tennessee, USA}  d5 2.exd5 Qxd5 
3.Be2 Qxg2 4.Bf3 Bg4 5.Bxg2 Bxd1 6.Kxd1 c6 7.Nc3 
e5 8.Nf3 Bd6 9.d3 Nf6 10.Bg5 Nbd7 11.Kd2 h6 12.Be3 
O-O-O 13.Rae1 a6 14.a3 g5 15.b4 b5 16.Reb1 Nh5 
17.Ne1 Kc7 18.Ne4 Be7 19.c4 f5 20.Nc3 e4 21.dxe4 
Ne5+ 22.Kc2 Nxc4 23.exf5 Nxa3+ 24.Kb2 Nxb1 25.Kxb1 
Bxb4 26.Kb2 Nf6 27.Nc2 Bxc3+ 28.Kxc3 Nd5+ 29.Bxd5 
Rxd5 30.Nd4 Kd6 31.f4 Rc5+ 32.Kb4 Rc4+ 33.Kb3 gxf4 
34.Bxf4+ Kd5 35.Ne2 h5 36.f6 Rf8 37.Bg5 a5 38.Nf4+ 
Ke5 {(offering draw)}  1/2-1/2

[Event "HCL-B3862"]
[Site "www.playchess.de"]
[Date "2006.02.20"]
[Round "3"]
[White "gronico"]
[Black "matthew"]
[WhiteElo "1160"]
[BlackElo "1314"]
[PlyCount "54"]
[Result "0-1"]

1.e4 c5 {hello}  2.c3 e6 3.d4 d5 4.e5 Nc6 5.Be3 
Nh6 6.Bxh6 gxh6 7.Bb5 Bd7 8.Nf3 Qb6 9.Bxc6 Bxc6 
10.b3 Rg8 11.O-O O-O-O 12.Qd3 Rg7 13.a4 Qxb3 14.a5 
Bb5 15.Qe3 Bxf1 16.Kxf1 Qc4+ 17.Qe2 Qb3 18.a6 Rd7 
19.axb7+ Rxb7 20.Qa2 Qxa2 21.Rxa2 Rxb1+ 22.Ke2 
cxd4 23.Nxd4 Kb7 24.Ra5 a6 25.Nc2 Rxg2 26.Nb4 Bxb4 
27.cxb4 Rxb4 0-1

[Event "HCL-A2596"]
[Site "www.playchess.de"]
[Date "2006.02.20"]
[Round "10"]
[White "Josef1901"]
[Black "Maahinen"]
[WhiteElo "1584"]
[BlackElo "1713"]
[PlyCount "44"]
[Result "0-1"]

1.d4 d5 2.c4 c6 3.cxd5 cxd5 4.Nf3 Nf6 5.Nc3 Nc6 
6.Bf4 a6 7.e3 Bg4 8.Bd3 e6 9.O-O Be7 10.Rc1 O-O 
11.h3 Bxf3 12.Qxf3 Rc8 13.Bb1 b5 14.a3 Na5 15.Qe2 
Nc4 16.Bg5 Nd7 17.Bxe7 Qxe7 18.e4 dxe4 19.Nxe4 
Rfd8 20.Rfd1 Ndb6 21.Qh5 Nxb2 22.Ng5 
h6 0-1

[Event "HCL-A2610"]
[Site "www.playchess.de"]
[Date "2006.02.20"]
[Round "10"]
[White "hal1958"]
[Black "Matu"]
[WhiteElo "1428"]
[BlackElo "1525"]
[PlyCount "56"]
[Result "0-1"]

1.b4 {have a nice game}  Nf6 {thanks and good 
luck}  2.Bb2 e6 3.a3 d5 4.e3 b6 5.Nf3 Nbd7 6.c4 
dxc4 7.Bxc4 c5 8.b5 Bb7 9.O-O Bd6 10.d4 Rc8 
11.dxc5 Nxc5 12.Be5 Bxe5 13.Nxe5 O-O 14.Nd2 Nce4 
15.Nxe4 Bxe4 16.Be2 Rc5 17.Nf3 Bxf3 18.gxf3 Nd5 
19.f4 Nc3 20.Qxd8 Nxe2+ 21.Kg2 {oops}  Rxd8 22.a4 
g6 23.Kf3 Rd2 24.Rfd1 Rcc2 25.Rxd2 Rxd2 26.a5 Nc3 
27.axb6 axb6 28.Ra6 Rd6 0-1

[Event "HCL-E1559"]
[Site "www.playchess.de"]
[Date "2006.02.20"]
[Round "8"]
[White "Matu"]
[Black "chessy371"]
[WhiteElo "1564"]
[BlackElo "2203"]
[PlyCount "71"]
[Result "1-0"]

1.Nf3 f5 2.b3 Nf6 3.Bb2 e6 4.g3 b6 5.Bg2 Bb7 6.O-O 
Be7 7.e3 O-O 8.d4 d6 9.Nbd2 Nbd7 10.c4 c5 11.dxc5 
Nxc5 12.Qc2 Nce4 13.Nd4 Qd7 14.Rad1 Rab8 15.Nxe4 
Nxe4 16.Ne2 Rfc8 17.Nc3 Nxc3 18.Bxb7 Qxb7 19.Bxc3 
d5 20.Qb2 dxc4 21.Bxg7 Bb4 22.Bc3 Bxc3 23.Qxc3 
cxb3 24.Qxb3 Kf7 25.Rd6 Rce8 26.Rfd1 Qe4 27.R6d7+ 
Re7 28.Qa3 Rxd7 29.Rxd7+ Kg6 30.h4 Rc8 31.Rd4 Qb1+ 
32.Kg2 Rc1 33.Qe7 Rg1+ 34.Kf3 Rxg3+ 35.Kxg3 Qg1+ 
36.Kf3 1-0

[Event "HCL-A2558"]
[Site "www.playchess.de"]
[Date "2006.02.20"]
[Round "9"]
[White "freno"]
[Black "Baldrick"]
[WhiteElo "1577"]
[BlackElo "1714"]
[PlyCount "47"]
[Result "1/2-1/2"]

1.e4 {happy new year}  Nf6 {hi, have a nice game, 
and Happy new Year}  2.Nc3 d6 3.d4 c6 4.Be3 e5 
5.dxe5 dxe5 6.Qxd8+ Kxd8 7.O-O-O+ Kc7 8.Bc4 Bb4 
9.Nge2 Be6 10.Bxe6 fxe6 11.f3 Rd8 12.a3 Rxd1+ 
13.Rxd1 Be7 14.Ng3 h6 15.Na4 Nbd7 16.Nc3 b6 17.Na2 
Rd8 18.Nb4 Nb8 19.Rxd8 Kxd8 20.Nd3 Nbd7 21.b4 Kc7 
22.Kb2 Kb7 23.Nf1 Ne8 24.Ng3 {(offering draw)} 
 1/2-1/2

[Event "HCL-B3773"]
[Site "www.playchess.de"]
[Date "2006.02.20"]
[Round "1"]
[White "spongebobby"]
[Black "Du10"]
[WhiteElo "1304"]
[BlackElo "1034"]
[PlyCount "75"]
[Result "1-0"]

1.e4 {hello from würzburg, germany. have a nice 
game.}  e5 2.Nf3 Nc6 3.Bb5 Nf6 4.d3 Nh5 5.Bxc6 
dxc6 6.Nxe5 Bc5 7.Qxh5 Qf6 8.f3 g6 9.Qg5 Qe6 
10.Qg3 Bd4 11.Nc4 b5 12.Be3 Bf6 13.Na5 Bxb2 14.Nb3 
Bxa1 15.Bd4 Bxd4 16.Nxd4 Qxa2 17.O-O O-O 18.Nc3 
Qa3 19.Nb1 Qb2 20.Nxc6 Re8 21.c4 Qd4+ 22.Nxd4 bxc4 
23.Qxc7 cxd3 24.Nc3 a5 25.Nd5 Kf8 26.Qd6+ Kg7 
27.Qf6+ Kg8 28.Nc7 Be6 29.Nxa8 Rxa8 30.Nxe6 fxe6 
31.Qxe6+ Kg7 32.Qd7+ Kh6 33.Qxd3 a4 34.Ra1 g5 
35.g4 Ra7 36.Qd6+ Kg7 37.Qd4+ Kg6 
38.Qxa7 1-0

[Event "HCL-A2558"]
[Site "www.playchess.de"]
[Date "2006.02.20"]
[Round "6"]
[White "Baldrick"]
[Black "MindenFele"]
[WhiteElo "1714"]
[BlackElo "1546"]
[PlyCount "51"]
[Result "1/2-1/2"]

1.e4 {hi, have a nice game, and Happy new Year}  
e5 {Happy New Year!}  2.f4 {Thanks!}  exf4 3.Bc4 
Nf6 4.Nc3 c6 5.Bb3 d5 6.exd5 Bd6 7.Nf3 O-O 8.O-O 
cxd5 9.d4 Bg4 10.Nxd5 Nxd5 11.Bxd5 Nc6 12.Bxc6 
bxc6 13.Qd3 Bxf3 14.Rxf3 Re8 15.Bxf4 Bxf4 16.Rxf4 
Qd5 17.c4 Qg5 18.Raf1 f6 19.Qf3 Re6 20.Re4 Rae8 
21.Rxe6 Rxe6 22.d5 cxd5 23.cxd5 Rd6 24.Rd1 Qe5 
25.Qb3 a6 26.Qb8+ {(offering draw) I offer a draw 
here.}  1/2-1/2

[Event "HCL-T262"]
[Site "www.playchess.de"]
[Date "2006.02.20"]
[Round "4"]
[White "FlatoA"]
[Black "taroak"]
[WhiteElo "1424"]
[BlackElo "1375"]
[PlyCount "37"]
[Result "1-0"]

1.e4 e5 2.Nf3 Nc6 3.Bc4 Nf6 4.Ng5 Bc5 5.Nxf7 Qe7 
6.Nxh8 Bxf2+ 7.Kxf2 Nxe4+ 8.Kg1 Qc5+ 9.d4 Nxd4 
10.Qh5+ g6 11.Bf7+ Ke7 12.Qh4+ Nf6 13.Kf1 d5 
14.Nc3 Qc4+ 15.Kf2 Bg4 16.Bg5 Nf5 17.Bxf6+ Kf8 
18.Be7+ Nxe7 19.Qh6+ 1-0

[Event "HCL-C4090"]
[Site "www.playchess.de"]
[Date "2006.02.20"]
[Round "1"]
[White "Satellite"]
[Black "spartan1"]
[WhiteElo "1093"]
[BlackElo "928"]
[PlyCount "61"]
[Result "1-0"]

1.d4 {Good evening Max!  I look forward to our 
game.}  d5 {And god afternoon to you. I akso look 
forward to the game.}  2.c4 dxc4 3.Nf3 Bf5 4.Nc3 
e6 5.Bf4 Bb4 6.e3 h6 7.Bxc4 Nf6 8.O-O Bxc3 9.bxc3 
O-O 10.Ne5 Qe7 11.a4 a5 12.Be2 Ne4 13.Rc1 Qa3 
14.Nc4 Nxc3 15.Nxa3 Nxd1 16.Rcxd1 Nc6 17.Bxc7 Nb4 
18.Rd2 Nd5 19.Nb5 Rac8 20.Rc1 Nb6 21.Bf3 Nd5 22.e4 
Bxe4 {That move sure puts the hurt on.}  23.Bxe4 
{Yes, it is quite amazing what one little pawn can 
do!!}  Rfe8 {In the right spot it can be fateal.}  
24.g3 Re7 25.Re2 Nxc7 26.Rec2 Rd8 27.R2xc7 Rxc7 
28.Nxc7 Rxd4 29.Bb1 Rxa4 30.Nb5 Rb4 
31.Rc8+ 1-0

[Event "HCL-C4118"]
[Site "www.playchess.de"]
[Date "2006.02.20"]
[Round "9"]
[White "gordi"]
[Black "n4337m"]
[WhiteElo "1270"]
[BlackElo "1464"]
[PlyCount "60"]
[Result "0-1"]

1.e4 {hi}  e5 {good luck}  2.Nf3 Nc6 3.Bc4 Be7 
4.O-O Nf6 5.Nc3 O-O 6.d4 exd4 7.Nxd4 Ne5 8.Qe2 c6 
9.Bf4 Nxc4 10.Qxc4 b5 11.Qd3 a5 12.Nf5 d5 13.exd5 
Bxf5 14.Qxf5 b4 15.Na4 Nxd5 16.b3 Bf6 17.Rad1 Qc8 
18.Qd3 Nxf4 19.Qc4 Qg4 20.g3 Ne2+ 21.Kg2 Nd4 22.f3 
Qg6 23.Rf2 Rad8 24.Rfd2 Ne6 25.Qxc6 Rxd2+ 26.Rxd2 
Bg5 27.Rd6 h5 28.Kf2 h4 29.Nc5 Qxc2+ 30.Kg1 
Be3+ 0-1

[Event "HCL-A2581"]
[Site "www.playchess.de"]
[Date "2006.02.20"]
[Round "10"]
[White "Spotsychess"]
[Black "wbaldan"]
[WhiteElo "1448"]
[BlackElo "1344"]
[PlyCount "64"]
[Result "0-1"]

1.e4 e5 2.Nf3 Nc6 3.d3 Bc5 4.Be3 Bxe3 5.fxe3 d6 
6.Be2 Nf6 7.O-O O-O 8.Nc3 Ng4 9.Qd2 Be6 10.h3 Nh6 
11.a3 Qe8 12.Nd5 Rc8 13.c4 f5 14.Ng5 Nd8 15.Nxe6 
Nxe6 16.b4 c6 17.Nc3 f4 18.exf4 Nxf4 19.Bf3 Qg6 
20.Kh1 Kh8 21.Ne2 Ng8 22.Nxf4 Rxf4 23.a4 Rcf8 
24.Qe2 Qf6 25.Rac1 Ne7 26.Rf2 Qf7 27.Rcf1 
{(offering draw)}  d5 28.exd5 cxd5 29.Kg1 dxc4 
30.Bxb7 Ng6 31.R2xf4 Nxf4 32.Qe4 
Nxh3+ 0-1

[Event "HCL-C4098"]
[Site "www.playchess.de"]
[Date "2006.02.20"]
[Round "19"]
[White "nichju"]
[Black "Thrustnicely"]
[WhiteElo "1010"]
[BlackElo "970"]
[PlyCount "133"]
[Result "1/2-1/2"]

1.e4 {Hi nice to meet you}  e5 {:-)}  2.Nf3 f6 
3.c3 g5 4.d4 Nc6 5.d5 Na5 6.b4 Nc4 7.Bxc4 d6 8.O-O 
h5 9.h3 a6 10.Be2 f5 11.Nxg5 f4 12.h4 Bg4 13.Bxg4 
hxg4 14.Qxg4 Qe7 15.Nd2 b5 16.c4 Qd7 17.Qxd7+ Kxd7 
18.c5 Nh6 19.c6+ Kc8 20.Ne6 Kb8 21.Nb3 Ka7 22.Nxc7 
Rc8 23.Ne6 Kb6 24.a4 bxa4 25.Rxa4 Ng4 26.Nbc5 dxc5 
27.bxc5+ Kb5 28.Ra2 Nf6 29.Rb2+ Kc4 30.d6 Rxc6 
31.Bd2 Nxe4 32.Rc1+ Kd3 33.Bxf4 exf4 34.Nxf4+ Kd4 
35.Rb4+ Ke5 {:-(}  36.Ng6+ Kf5 37.Nxh8 Nxc5 
38.Rbc4 Bxd6 39.g4+ Kf6 40.Re1 Kg7 41.Re8 a5 42.h5 
a4 43.g5 a3 44.h6+ Kh7 45.Nf7 a2 46.g6+ Kxg6 
47.Nh8+ Kh7 48.Ra8 Ra6 49.Rxa6 Nxa6 50.Ra4 Nb4 
51.Nf7 Be7 52.f4 Bf6 53.Kf2 a1Q 54.Rxa1 Bxa1 55.f5 
Nd5 56.Kf3 Nf6 57.Kf4 Kg8 58.Nd8 Nh7 59.Kg4 Bf6 
60.Ne6 Kf7 61.Nc7 Ke7 {(offering draw) i can't see 
how stop you exchanging - and then it's a draw 
anyway !}  62.Nd5+ Kf7 63.Kh5 Bg5 64.f6 Bxf6 
65.Nf4 Bg7 66.Ne6 Nf6+ 67.Kg5 {(offering draw) I 
hoped I could win the match, but ...} 
 1/2-1/2

[Event "HCL-C4134"]
[Site "www.playchess.de"]
[Date "2006.02.20"]
[Round "5"]
[White "Milosforman"]
[Black "nichju"]
[WhiteElo "952"]
[BlackElo "1067"]
[PlyCount "53"]
[Result "1-0"]

1.d4 e6 2.e4 d5 3.e5 f6 4.Bf4 Nc6 5.Bb5 g6 6.Bxc6+ 
bxc6 7.Nc3 Bb4 8.Nge2 g5 9.Bg3 Ba6 10.O-O c5 
11.dxc5 Bxc5 12.exf6 Nxf6 13.Re1 Ng4 14.Nd4 Qf6 
15.Nxd5 Qf7 16.Rxe6+ Kd7 17.Qxg4 Kd8 18.Bxc7+ Kd7 
19.Rxa6+ Ke8 20.Re1+ Kf8 21.Ne6+ Ke8 22.Nxg5+ Be3 
23.Rxe3+ Kf8 24.Nxf7 Rg8 25.Bd6+ Kxf7 26.Qe6+ Kg7 
27.Qf6+ 1-0

[Event "HCL-C4153"]
[Site "www.playchess.de"]
[Date "2006.02.20"]
[Round "7"]
[White "Treebeard"]
[Black "chimiel"]
[WhiteElo "1199"]
[BlackElo "1356"]
[PlyCount "29"]
[Result "1-0"]

1.e4 {hi there! Good luck in the game}  e5 {Good 
luck too}  2.Nf3 Nc6 3.Bb5 Nge7 4.O-O d5 5.exd5 
Qxd5 6.Nc3 Qe6 7.Re1 Nf5 8.Rxe5 Qxe5 9.Nxe5 Nd6 
10.Bxc6+ bxc6 11.Nxc6 Bb7 12.Qe2+ Kd7 13.Ne5+ Ke8 
14.Ng6+ Be4 15.Nxh8 1-0

[Event "HCL-M869"]
[Site "www.playchess.de"]
[Date "2006.02.20"]
[Round "13"]
[White "richard"]
[Black "Roadkill"]
[WhiteElo "1794"]
[BlackElo "1912"]
[PlyCount "52"]
[Result "1/2-1/2"]

1.e4 c5 {gl
}  2.Nf3 {gl}  d6 3.Bb5+ Bd7 4.Bxd7+ Nxd7 5.O-O 
Ngf6 6.d3 e6 7.c4 Be7 8.Nc3 O-O 9.Ng5 h6 10.Nh3 d5 
11.exd5 exd5 12.Re1 d4 13.Ne4 Nxe4 14.Rxe4 Bd6 
15.Bf4 Nf6 16.Re1 Bxf4 17.Nxf4 Qb6 18.Nh5 Rfe8 
19.Nxf6+ Qxf6 20.Qd2 a6 21.Re2 Rxe2 22.Qxe2 Qf5 
23.Re1 b5 24.Qe4 Qxe4 25.Rxe4 Kf8 26.b3 {getting 
very drawish}  Re8 {(offering draw) agree} 
 1/2-1/2

[Event "HCL-E1556"]
[Site "www.playchess.de"]
[Date "2006.02.20"]
[Round "1"]
[White "Inge_Heumann"]
[Black "Matu"]
[WhiteElo "1682"]
[BlackElo "1551"]
[PlyCount "51"]
[Result "1-0"]

1.e4 {Hallo! Auf eine schöne Partie!}  c6 {Hallo, 
danke gleichfalls und viel Glück}  2.d4 d5 3.exd5 
cxd5 4.Bb5+ Bd7 5.Bd3 Nf6 6.Ne2 e6 7.O-O Bd6 8.Bg5 
h6 9.Bh4 g5 10.Bg3 Bxg3 11.Nxg3 Nc6 12.c3 Qc7 
13.Nd2 a6 14.Re1 O-O 15.Qf3 Kg7 16.Nh5+ Nxh5 
17.Qxh5 f5 18.Nf3 Be8 19.Nxg5 hxg5 20.Qxg5+ Kf7 
21.Rxe6 Kxe6 22.Re1+ Ne5 23.Rxe5+ Kd6 24.Qh6+ Bg6 
25.Qxg6+ Kd7 26.Qe6+ 1-0

[Event "HCL-C4130"]
[Site "www.playchess.de"]
[Date "2006.02.20"]
[Round "12"]
[White "sweendog"]
[Black "Milosforman"]
[WhiteElo "721"]
[BlackElo "944"]
[PlyCount "30"]
[Result "0-1"]

1.Nf3 {good luck}  d6 2.d4 Bg4 3.e4 Nc6 4.Bb5 Qd7 
5.O-O a6 6.Ba4 b5 7.Bb3 e5 8.dxe5 Nxe5 9.Bd5 c6 
10.Bb3 Nxf3+ 11.gxf3 Bh5 12.Bf4 Qh3 13.Bxd6 Rd8 
14.e5 Bxf3 15.Qe1 Qg2+ 0-1

[Event "HCL-C4049"]
[Site "www.playchess.de"]
[Date "2006.02.20"]
[Round "13"]
[White "ama49"]
[Black "Farquhart"]
[WhiteElo "1188"]
[BlackElo "515"]
[PlyCount "39"]
[Result "1-0"]

1.e4 e5 2.Nf3 Nf6 3.Nxe5 d6 4.Nf3 Nxe4 5.Qe2 Qe7 
6.d3 Nc5 7.Nc3 h5 8.Be3 Bg4 9.h3 Bf5 10.O-O-O Nc6 
11.Bxc5 dxc5 12.Nh4 Be6 13.Nf3 g6 14.g3 Bh6+ 
15.Kb1 f5 16.Bg2 a5 17.Ne5 Qg5 18.Nxc6 bxc6 
19.Qxe6+ Qe7 20.Qxc6+ 1-0

[Event "HCL-A2428"]
[Site "www.playchess.de"]
[Date "2006.02.20"]
[Round "18"]
[White "handrej68"]
[Black "ados99"]
[WhiteElo "1384"]
[BlackElo "1415"]
[PlyCount "95"]
[Result "1-0"]

1.d4 d6 2.Nf3 g6 3.Nbd2 Bg7 4.e4 Nf6 5.Bd3 O-O 
6.O-O c5 7.c3 cxd4 8.cxd4 b6 9.Qe2 Bb7 10.Re1 Nbd7 
11.e5 dxe5 12.dxe5 Nd5 13.e6 Nf4 14.exf7+ Rxf7 
15.Qf1 Nc5 16.Bc4 Bd5 17.Nb3 Nxg2 18.Bxd5 Qxd5 
19.Qxg2 Qxf3 20.Qxf3 Rxf3 21.Nxc5 bxc5 22.Rb1 Kf7 
23.Be3 Bd4 24.b3 Re8 25.Kg2 Rf5 26.Rbc1 e5 27.Rc4 
Ke6 28.b4 cxb4 29.Bxd4 a5 30.Rc5 Kd6 31.Rxa5 e4 
32.Rxf5 gxf5 33.Rd1 Kc6 34.Be3 Ra8 35.Rd4 Kb5 
36.Rd5+ Kc4 37.Rc5+ Kd3 38.Rxf5 Rxa2 39.Rd5+ Kc2 
40.Rd2+ Kb1 41.Rxa2 Kxa2 42.Kg3 b3 43.Bd4 b2 
44.Bxb2 Kxb2 45.Kf4 Kc3 46.Kxe4 Kc4 47.f4 Kc5 
48.Ke5 1-0

[Event "HCL-T263"]
[Site "www.playchess.de"]
[Date "2006.02.20"]
[Round "6"]
[White "wbaldan"]
[Black "victorabiodun03"]
[WhiteElo "1754"]
[BlackElo "1476"]
[PlyCount "47"]
[Result "1-0"]

1.d4 f5 2.c4 Nf6 3.g3 g6 4.Bg2 Bg7 5.Nf3 d6 6.Nc3 
O-O 7.O-O e6 8.Qc2 Nc6 9.Rd1 Qe7 10.e4 e5 11.Bg5 
Qf7 12.dxe5 dxe5 13.Nh4 Qxc4 14.exf5 Nd4 15.Qd2 c6 
16.fxg6 hxg6 17.Nxg6 Rd8 18.Kh1 Bg4 19.Nxe5 Qc5 
20.Nxg4 Ne6 21.Nxf6+ Bxf6 22.Qe3 Qxe3 23.Bxe3 Bxc3 
24.bxc3 1-0

[Event "HCL-A2581"]
[Site "www.playchess.de"]
[Date "2006.02.20"]
[Round "15"]
[White "Spotsychess"]
[Black "kan_selv"]
[WhiteElo "1448"]
[BlackElo "2115"]
[PlyCount "36"]
[Result "0-1"]

1.e4 c5 2.Nc3 Nc6 3.Bc4 Nf6 4.d3 e6 5.a3 d5 6.exd5 
exd5 7.Ba2 Bg4 8.f3 Be6 9.Nge2 Qb6 10.Rb1 Be7 
11.Bd2 O-O 12.Qc1 d4 13.Bxe6 fxe6 14.Ne4 Nxe4 
15.dxe4 c4 16.c3 Ne5 17.Kf1 Nd3 18.Qc2 
dxc3 0-1

[Event "HCL-B3790"]
[Site "www.playchess.de"]
[Date "2006.02.20"]
[Round "6"]
[White "pegasus"]
[Black "cladious"]
[WhiteElo "1178"]
[BlackElo "1071"]
[PlyCount "102"]
[Result "0-1"]

1.e4 {hello and good luck mate}  e5 2.d4 d6 { best 
of luck to you too}  3.d5 Nf6 4.Nc3 Be7 5.Qf3 O-O 
{have a peaceful christmas}  6.h4 {thank you ..you 
too}  Nbd7 7.h5 Nc5 8.h6 Bg4 9.Qg3 {happy new 
year}  g6 10.Be3 b6 11.f3 Bc8 12.O-O-O a5 13.f4 
Ncxe4 14.Nxe4 Nxe4 15.Qf3 Nf6 16.fxe5 dxe5 17.Bd3 
Bg4 18.Qg3 Bxd1 19.Kxd1 e4 20.Bc4 b5 21.Qe5 bxc4 
22.g4 Qxd5+ 23.Qxd5 Nxd5 24.Bd4 Rfb8 25.a3 c5 
26.Be5 Rb7 27.Ne2 e3 28.Ng3 Rd8 29.Kc1 c3 30.b3 c4 
31.Ne4 Bxa3+ 32.Kb1 cxb3 33.Rd1 bxc2+ 34.Kxc2 Rb2+ 
35.Kd3 Nb4+ 36.Kxc3 Rxd1 37.Bg7 f5 38.Kc4 fxe4 
39.Bxb2 Bxb2 40.Kb3 e2 41.Kxb2 e1Q 42.g5 Rb1+ 
43.Ka3 Qc3+ 44.Ka4 Qb3+ 45.Kb5 Nd3+ 46.Kc6 Qe6+ 
47.Kc7 Qb6+ 48.Kd7 Qc5 49.Ke6 Rb6+ 50.Kd7 Qd6+ 
51.Ke8 Rb8+ 0-1

[Event "HCL-E1536"]
[Site "www.playchess.de"]
[Date "2006.02.20"]
[Round "2"]
[White "temple"]
[Black "kendo"]
[WhiteElo "1727"]
[BlackElo "1616"]
[PlyCount "47"]
[Result "1-0"]

1.d4 Nf6 2.c4 g6 3.Nc3 Bg7 4.e4 d6 5.f4 {Happy New 
Year!}  O-O 6.Nf3 Nbd7 7.Bd3 c5 8.d5 a6 9.O-O Nb6 
10.h3 Bd7 11.a3 Nh5 12.g4 Bxc3 13.bxc3 Ng7 14.e5 
Na4 15.Qc2 Qa5 16.Bd2 h5 17.f5 gxf5 18.gxf5 Qb6 
19.e6 fxe6 20.fxe6 Be8 21.Rab1 Qa5 22.Rxb7 Nxe6 
23.Rxe7 Nf4 24.Kh2 1-0

[Event "HCL-C4047"]
[Site "www.playchess.de"]
[Date "2006.02.20"]
[Round "12"]
[White "epenz"]
[Black "Farquhart"]
[WhiteElo "993"]
[BlackElo "496"]
[PlyCount "57"]
[Result "1-0"]

1.e4 {hi}  e5 2.Nf3 f6 3.Bc4 a6 4.d3 Nc6 5.O-O Nd4 
6.Nxd4 exd4 7.Nd2 Ne7 8.Nf3 d6 9.Nxd4 g5 10.Be6 
Bxe6 11.Nxe6 Qd7 12.Nd4 Bg7 13.Qh5+ Kd8 14.Qf7 Rg8 
15.Ne6+ Kc8 16.Nxg7 Nf5 17.Qxd7+ Kxd7 18.Nxf5 b5 
19.f4 g4 20.g3 h5 21.Be3 Rae8 22.Kg2 a5 23.a3 Kd8 
24.Bd4 c5 25.Nxd6 cxd4 26.Nxe8 Rxe8 27.Rfd1 b4 
28.c4 f5 29.e5 1-0

[Event "HCL-C4047"]
[Site "www.playchess.de"]
[Date "2006.02.20"]
[Round "3"]
[White "Farquhart"]
[Black "ama49"]
[WhiteElo "496"]
[BlackElo "1190"]
[PlyCount "44"]
[Result "0-1"]

1.e4 e5 2.Nf3 Nc6 3.d3 Nf6 4.Bg5 Be7 5.Nc3 O-O 
6.a4 d5 7.exd5 Nxd5 8.Nxd5 Qxd5 9.Ra3 Bxa3 10.bxa3 
Qa5+ 11.Qd2 Qxa4 12.c3 Qxa3 13.h4 Qa1+ 14.Ke2 Bg4 
15.g3 f6 16.Bg2 Qa6 17.Bh3 Bxf3+ 18.Kxf3 fxg5+ 
19.Kg2 gxh4 20.Be6+ Kh8 21.Qg5 Qxd3 22.Rxh4 
Qf3+ 0-1

[Event "HCL-A2540"]
[Site "www.playchess.de"]
[Date "2006.02.20"]
[Round "1"]
[White "HOTSUN"]
[Black "tiit145"]
[WhiteElo "1603"]
[BlackElo "1475"]
[PlyCount "75"]
[Result "1/2-1/2"]

1.e4 {hi again}  Nc6 {Hello!}  2.Nf3 e6 3.d4 f6 
4.Nc3 a6 5.a3 Bd6 6.Be2 Nge7 {Hello!Happy New 
Year! Tiit}  7.O-O {thanks, same to you}  Ng6 
8.Re1 O-O 9.b4 b5 10.Bb2 Nf4 11.Bc1 Nxe2+ 12.Rxe2 
Qe8 13.Bb2 Qh5 14.h3 Bb7 15.d5 Ne5 16.Nxe5 Bxe5 
17.Rd2 Qg6 18.f3 f5 19.Qe1 Rae8 20.dxe6 Qxe6 
21.exf5 Qf6 22.Re2 Bd4+ 23.Kf1 Rxe2 24.Kxe2 Re8+ 
25.Ne4 Bxb2 26.Kf1 Qxf5 27.Nf6+ gxf6 28.Qxe8+ Kg7 
29.Re1 Be5 30.Qe7+ Kg6 31.Qe8+ Kg5 32.Qg8+ Kh6 
33.Qf8+ Kg5 34.Qg7+ Kh4 35.Kg1 Qf4 36.Qxh7+ Kg3 
37.Qg6+ Kh4 38.Qh7+ {(offering draw)} 
 1/2-1/2

[Event "HCL-A2558"]
[Site "www.playchess.de"]
[Date "2006.02.20"]
[Round "3"]
[White "pawnstorm"]
[Black "Baldrick"]
[WhiteElo "1555"]
[BlackElo "1714"]
[PlyCount "80"]
[Result "0-1"]

1.e4 Nf6 {hi, have a nice game, and Happy new 
Year}  2.e5 {Happy new year}  Nd5 {Thanks!}  3.d4 
d6 4.Nf3 dxe5 5.Nxe5 c6 6.Bc4 Nd7 7.O-O g6 8.c3 
Bg7 9.Nf3 N7b6 10.Bd3 Bg4 11.h3 Bxf3 12.Qxf3 e6 
13.Nd2 O-O 14.Ne4 h6 15.a3 e5 16.dxe5 Bxe5 17.Bxh6 
Bg7 18.Bxg7 Kxg7 19.Bc2 Nc4 20.b3 Ne5 21.Qg3 Re8 
22.c4 Nf6 23.Rad1 Qe7 24.Nxf6 Qxf6 25.Rfe1 Re7 
26.Re3 Rae8 27.Rde1 c5 28.a4 Nc6 29.R3xe7 Rxe7 
30.Rxe7 Qxe7 31.Qc3+ Nd4 32.Bd3 f6 33.b4 Qe5 
34.Kh1 b6 35.bxc5 Qxc5 36.Be4 Ne2 37.Qd3 Qxf2 
38.Qd7+ Kh6 39.Qd2+ g5 40.Qc1 Nxc1 0-1